| 000 | 01099pam a2200313 a 4500 | ||
|---|---|---|---|
| 999 |
_c10194 _d10194 |
||
| 001 | 3805526 | ||
| 003 | OSt | ||
| 005 | 20200104094421.0 | ||
| 008 | 850725s1987 nyua 001 0 eng | ||
| 010 | _a 85018090 | ||
| 020 | _a0070170509 (pbk.) | ||
| 040 |
_aDLC _coclc _dDLC |
||
| 050 | 0 | 0 |
_aHG221 _b.D44 1987 |
| 082 | 0 | 0 |
_a332.1076 _219 _bDIU/M |
| 100 | 1 |
_aDiulio, Eugene A. _9949 |
|
| 245 | 1 | 0 |
_aSchaum's outline of theory and problems of money and banking / _cEugene A. Diulio. |
| 260 |
_aNew York : _bMcGraw-Hill, _cc1987. |
||
| 300 |
_a296 p. : _bill. ; _c28 cm. |
||
| 490 | 0 | _aSchaum's outline series | |
| 500 | _aCover title: Theory and problems of money and banking. | ||
| 500 | _aSpine title: Money and banking. | ||
| 500 | _aIncludes index. | ||
| 650 | 0 |
_aMoney _xProblems, exercises, etc. |
|
| 650 | 0 |
_aBanks and banking _xProblems, exercises, etc. |
|
| 740 | 0 | _aTheory and problems of money and banking. | |
| 740 | 0 | _aMoney and banking. | |
| 906 |
_a7 _bcbc _corignew _d1 _eocip _f19 _gy-gencatlg |
||
| 942 |
_2ddc _cBK _h332.1076 _iDIU/M _k332.1076 _mDIU/M |
||